000 00484nam a2200157 i 4500
001 99043
003 ES-MaACL
007 t|
008 051111s1884 sp ||||1| spa d
080 _a821.134-2-82"18"
100 1 _aSéliva.
_9105314
245 1 3 _aEl nihilista español
_b: memorias contemporáneas /
_cpor el doctor Séliva.
260 _aValladolid :
_b[s.n.],
_c1884 (
_fImpr. y Lib. de la Viuda de Cuesta é Hijos)
300 _a199 p. ;
_c16 cm.
852 _aES-MaACL
_jG-12793
999 _c99043
_d99043